Hindī aura Telugu ke Kr̥shṇakāvyoṃ kā tulanātmaka adhyayana. (Record no. 80819)

MARC details
000 -LEADER
fixed length control field 00722cam a22002531 4500
001 - CONTROL NUMBER
control field sa 68005622
003 - CONTROL NUMBER IDENTIFIER
control field DLC
005 - DATE AND TIME OF LATEST TRANSACTION
control field 20260227112510.0
008 - FIXED-LENGTH DATA ELEMENTS--GENERAL INFORMATION
fixed length control field 890525s1967 ii b 000 0 hino
010 ## - LIBRARY OF CONGRESS CONTROL NUMBER
LC control number sa 68005622
035 ## - SYSTEM CONTROL NUMBER
System control number (OCoLC)19763238
040 ## - CATALOGING SOURCE
Original cataloging agency DLC
Transcribing agency WaU
Modifying agency DLC
042 ## - AUTHENTICATION CODE
Authentication code premarc
050 00 - LIBRARY OF CONGRESS CALL NUMBER
Classification number PK2095.D29
Item number H5
100 1# - MAIN ENTRY--PERSONAL NAME
Personal name Dakshina Murthy, N. S.,
Dates associated with a name 1934-
245 10 - TITLE STATEMENT
Title Hindī aura Telugu ke Kr̥shṇakāvyoṃ kā tulanātmaka adhyayana.
260 ## - PUBLICATION, DISTRIBUTION, ETC.
Date of publication, distribution, etc. [1967]
300 ## - PHYSICAL DESCRIPTION
Extent 480 p.
Dimensions 25 cm.
500 ## - GENERAL NOTE
General note In Hindi.
504 ## - BIBLIOGRAPHY, ETC. NOTE
Bibliography, etc. note Bibliography: p. [471]-480.
650 #0 - SUBJECT ADDED ENTRY--TOPICAL TERM
Topical term or geographic name entry element Krishna (Hindu deity) in literature.
600 00 - SUBJECT ADDED ENTRY--PERSONAL NAME
Personal name Sūradāsa,
Dates associated with a name 1483?-1563?
600 00 - SUBJECT ADDED ENTRY--PERSONAL NAME
Personal name Pōtana,
Dates associated with a name active 15th century.

No items available.

Powered by Koha